Sibling relationships : Theory and issues for practice

Sibling relationships have received relatively little attention in the study of family relationships, but they can be crucial to professionals' understanding of the children and families they work with. Sanders (child welfare and child development, Swansea, Wales) offers an account of the compl...

Celý popis

Uloženo v:
Podrobná bibliografie
Hlavní autor: Sanders, Robert
Médium: Kniha
Jazyk:Undetermined
Vydáno: New York Palgrave Macmillan 2004
Témata:
Tagy: Přidat tag
Žádné tagy, Buďte první, kdo otaguje tento záznam!
Thư viện lưu trữ: Trung tâm Học liệu Trường Đại học Cần Thơ
LEADER 01264nam a2200217Ia 4500
001 CTU_116398
008 210402s9999 xx 000 0 und d
020 |c 1103000 
082 |a 306.87522 
082 |b S215 
100 |a Sanders, Robert 
245 0 |a Sibling relationships : 
245 0 |b Theory and issues for practice 
245 0 |c Robert Sanders ; consultant editor Jo Campling 
260 |a New York 
260 |b Palgrave Macmillan 
260 |c 2004 
520 |a Sibling relationships have received relatively little attention in the study of family relationships, but they can be crucial to professionals' understanding of the children and families they work with. Sanders (child welfare and child development, Swansea, Wales) offers an account of the complexities of sibling relationships and the ways positive connections between brothers and sisters can enhance family therapy. He examines how sibling relationships are affected by adverse family circumstances (substance abuse, domestic violence, loss, disability and mental illness) and how sibling relationships may promote resilience in children. 
650 |a Brothers and sisters,Developmental psychology 
904 |i Hiếu 
980 |a Trung tâm Học liệu Trường Đại học Cần Thơ